000 00782cab a2200277 4500
001 ABS54063
008 090401t1995 xxu||||| |||| 00| 0 eng d
035 _a(Sirsi) u8225
041 _aeng
100 _aSamuels, A.
245 _aIn the doghouse
260 _c1995
350 _a0
490 _aSolicitors` Journal
_v139(42) 3 November 1995, 1096(1)
520 _aExamines planning permission requirements for breeding or boarding dogs at home.
650 _aBOARDING KENNELS
650 _aBREEDING KENNELS
650 _aDANGEROUS DOGS ACT 1991
650 _aDOGS
650 _aENVIRONMENTAL PROTECTION ACT 1990
650 _aKENNELS
650 _aTOWN AND COUNTRY PLANNING ACT 1990
690 _aPLANNING LAW AND PRACTICE
942 _n0
948 _c04/03/1997
999 _c5030
_d5030